Normal view
MARC view
Entry Personal Name
001 - CONTROL NUMBER
- control field: 43266
003 - CONTROL NUMBER IDENTIFIER
- control field: dpl
005 - DATE AND TIME OF LATEST TRANSACTION
- control field: 20120301114817.0
008 - FIXED-LENGTH DATA ELEMENTS
- fixed length control field: 120301|||a|||||| | ||| d
040 ## - CATALOGING SOURCE
- Original cataloging agency: dpl
- Transcribing agency: dpl
100 ## - HEADING--PERSONAL NAME
- Personal name: Enakshi chatterjee
670 ## - SOURCE DATA FOUND
- Source citation: Work cat.: (dpl): Chatterjee,Santimay 43265, Satyender Nath Bose /, 1999(repr.)
670 ## - SOURCE DATA FOUND
- Source citation: Work cat.: (dpl): Chatterjee,Santimay 43265, Satyender Nath Bose /, 1999(repr.)
